| 000 | 01114cam a2200193 4500 | ||
|---|---|---|---|
| 001 | WB3924-10 | ||
| 008 | 030625n2003 000 0 eng u | ||
| 035 | _a(Sirsi) u122747 | ||
| 245 | _aMPG6 amended | ||
| 260 | _c2003 | ||
| 490 |
_aRICS Minerals and Waste Management Faculty News _v 18 June 2003 |
||
| 520 | _aThe ODPM has published an amendment notice for MPG6:Guidelines for aggregates provision in England (1994). "National and regional guidelines for aggregates provision in England, 2001-2016" replace the guidelines in Annex A of MPG6, "Guidelines for aggregates provision in England" and take note of responses to the public consultation of draft guidelines issued on 5 August 2002. A summary of views expressed on draft national and aggregates guidelines can be found at http://www.planning.odpm.gov.uk/20012016/summary/index.htm. The revised guidelines can be found at http://www.planning.odpm.gov.uk/20012016/index.htm | ||
| 590 | _aWB | ||
| 650 | _aMINERALS PLANNING GUIDANCE NOTE SIX | ||
| 650 | _aAGGREGATES | ||
| 650 | _aMINERALS PLANNING | ||
| 690 | _aMINING AND MINERALS | ||
| 942 | _n0 | ||
| 999 |
_c72927 _d72927 |
||